LEADER 01225nam0 2200325 450 001 000033749 005 20121114152744.0 010 $a0-486-64940-7 100 $a20121106d1985----km-y0itaa50------ba 101 0 $aeng 102 $aUS 200 1 $aOrdinary differential equations$ean elementary textbook for students of mathematics, engineering, and the sciences$fMorris Tenenbaum, Harry Pollard 210 $aNew York$cDover$d1985 215 $aXVII, 808 p.$d22 cm 225 2 $aDover books on mathematics 300 $aEd. orig.: New York : Harper & Row, 1963 410 0$12001$aDover books on mathematics 606 1 $aEquazioni differenziali 676 $a515.35$v(22. ed.)$9Equazioni differenziali 700 1$aTenenbaum,$bMorris$0444517 701 1$aPollard,$bHarry$040702 801 0$aIT$bUniversità della Basilicata - B.I.A.$gRICA$2unimarc 912 $a000033749 996 $aOrdinary differential equations$996719 997 $aUNIBAS BAS $aSCIENZE CAT $aSTD084$b01$c20121106$lBAS01$h0934 CAT $aTTM$b30$c20121114$lBAS01$h1527 FMT Z30 -1$lBAS01$LBAS01$mBOOK$1BASA2$APolo Tecnico-Scientifico$2DID$BDidattica$3PTS.s3.p30.33$6111507$5T111507$820121106$f98$FConsultazione LEADER 01388nam 2200349 a 450 001 9910698719003321 005 20090624141538.0 035 $a(CKB)5470000002396669 035 $a(OCoLC)319424516 035 $a(EXLCZ)995470000002396669 100 $a20090427d2008 ua 0 101 0 $aeng 135 $aurmn||||||||| 181 $ctxt$2rdacontent 182 $cc$2rdamedia 183 $acr$2rdacarrier 200 10$a2010 census$b[electronic resource] $eCensus Bureau should take action to improve the credibility and accuracy of its cost estimate for the decennial census : report to the Subcommittee on Commerce, Justice, Science, and Related Agencies, Committee on Appropriations, House of Representatives 210 1$a[Washington, D.C.] :$cU.S. Govt. Accountability Office,$d[2008] 215 $aii, 37 pages $cdigital, PDF file 300 $aTitle from title screen (viewed on Apr. 23, 2009). 300 $a"June 2008." 300 $a"GAO-08-554." 320 $aIncludes bibliographical references. 517 $a2010 census 607 $aUnited States$xCensus, 2010$xFinance 712 02$aUnited States.$bCongress.$bHouse.$bCommittee on Appropriations.$bSubcommittee on Commerce, Justice, Science, and Related Agencies. 801 0$bGPO 801 1$bGPO 906 $aBOOK 912 $a9910698719003321 996 $a2010 census$93153264 997 $aUNINA